000 00358 a2200157 4500
001 57054
020 _a852626432X
040 _cAnchieta - Pituba
100 _aMacedo, Joaquim Manuel de
240 1 0 _aHistórias do romantismo
_lpor
245 1 0 _aHistórias do romantismo
300 _a143
362 0 _a2006
650 4 _aLiteratura juvenil
942 _cBK
999 _c57054
_d57054